[Event "World Rapid Women 2019"]
[Site "Moscow RUS"]
[Date "2019.12.26"]
[Round "1.43"]
[White "Bivol, Alina"]
[Black "Munkhzul, Turmunkh"]
[Result "1/2-1/2"]
[WhiteTitle "WGM"]
[BlackTitle "WIM"]
[WhiteElo "2374"]
[BlackElo "2278"]
[WhiteFideId "4100123"]
[BlackFideId "4901878"]
[EventDate "2019.12.26"]
[EventType "rapid"]

1. c4 Nf6 2. g3 g6 3. Bg2 Bg7 4. d4 O-O 5. Nf3 d6 6. O-O Nbd7 7. Nc3 e5 8. e4
exd4 9. Nxd4 Re8 10. Re1 Nc5 11. h3 a5 12. Nb3 Nfd7 13. Qc2 f5 14. Bd2 a4 15.
Nxc5 Nxc5 16. Kh2 a3 17. b4 Nxe4 18. Nxe4 fxe4 19. Bxe4 Qf6 20. Bd5+ Be6 21.
Rxe6 Rxe6 22. Bxe6+ Qxe6 23. Re1 Qf6 24. Bc1 Rf8 25. Re2 Qf3 26. Bf4 Kh8 27. Re3
Qh5 28. Rxa3 g5 29. Be3 Be5 30. f4 gxf4 31. Bxf4 Bxf4 32. gxf4 Rxf4 33. Qc3+ Qe5
34. Ra8+ Kg7 35. Qxe5+ dxe5 36. Ra7 Rxc4 37. Rxb7 Rc2+ 38. Kg3 Rxa2 39. Rxc7+
Kg6 40. b5 Rb2 41. Rb7 Rb3+ 42. Kg2 h6 43. Rb8 Kf5 44. b6 Kf4 45. b7 Rb2+ 46.
Kf1 Ke4 47. h4 h5 48. Kg1 Rb6 1/2-1/2

[Event "World Rapid Women 2019"]
[Site "Moscow RUS"]
[Date "2019.12.26"]
[Round "1.44"]
[White "Nazarova, Anastasia"]
[Black "Kovalevskaya, Ekaterina"]
[Result "0-1"]
[WhiteTitle "WFM"]
[BlackTitle "IM"]
[WhiteElo "2176"]
[BlackElo "2407"]
[WhiteFideId "34101737"]
[BlackFideId "4116704"]
[EventDate "2019.12.26"]
[EventType "rapid"]

1. e4 c5 2. Nf3 Nc6 3. d4 cxd4 4. Nxd4 e5 5. Nb5 d6 6. N1c3 a6 7. Na3 Be7 8. Nd5
Nf6 9. Nxf6+ Bxf6 10. g3 O-O 11. Nc4 Be6 12. Ne3 Bg5 13. Bg2 Qa5+ 14. c3 Rad8
15. O-O Bxe3 16. Bxe3 d5 17. exd5 Bxd5 18. Bxd5 Rxd5 19. Qf3 Rfd8 20. Qf5 Qc7
21. a4 Qd7 22. Qf3 Qe6 23. Rfe1 e4 24. Qe2 Ne5 25. Kg2 Nf3 26. Red1 Qg4 27. Rxd5
Rxd5 28. Qc4 Rh5 29. h4 Nxh4+ 30. Kf1 Nf3 31. Rc1 Rh1+ 32. Ke2 Ne5+ 0-1

[Event "World Rapid Women 2019"]
[Site "Moscow RUS"]
[Date "2019.12.26"]
[Round "1.48"]
[White "Bulatova, Kamaliya"]
[Black "Kulon, Klaudia"]
[Result "0-1"]
[WhiteTitle "WFM"]
[BlackTitle "IM"]
[WhiteElo "2143"]
[BlackElo "2345"]
[WhiteFideId "34111546"]
[BlackFideId "1131044"]
[EventDate "2019.12.26"]
[EventType "rapid"]

1. Nf3 Nf6 2. g3 g6 3. Bg2 Bg7 4. d4 O-O 5. O-O d6 6. c4 Nc6 7. Nc3 e5 8. d5 Nb8
9. e4 a5 10. Ne1 Nfd7 11. Nd3 Na6 12. f4 exf4 13. Bxf4 Nb4 14. Nf2 Ne5 15. Qe2
b6 16. a3 Na6 17. Nb5 Bd7 18. Nd4 a4 19. Rad1 Nc5 20. Nf3 Nxf3+ 21. Bxf3 f5 22.
Qd2 Nb3 23. Qe3 Bxb2 24. Rfe1 Re8 25. Qd3 Nc5 26. Qc2 Bg7 27. g4 fxe4 28. Nxe4
Nxe4 29. Rxe4 Qf6 30. g5 Qf7 31. Bg2 Rxe4 32. Qxe4 Re8 33. Qf3 Rf8 34. Rf1 b5
35. Qe2 Re8 36. Qc2 Bf5 37. Qd1 Qd7 38. cxb5 Qxb5 39. Qc1 Bd4+ 40. Kh1 Be4 41.
Bxe4 Rxe4 42. Qd1 Qxd5 43. Qf3 Qf5 44. Rb1 Rxf4 0-1

[Event "World Rapid Women 2019"]
[Site "Moscow RUS"]
[Date "2019.12.26"]
[Round "1.49"]
[White "Pourkashiyan, Atousa"]
[Black "Nur-Mukhametova, Alisa"]
[Result "1-0"]
[WhiteTitle "WGM"]
[WhiteElo "2305"]
[BlackElo "2213"]
[WhiteFideId "12502014"]
[BlackFideId "54117739"]
[EventDate "2019.12.26"]
[EventType "rapid"]

1. e4 c5 2. Nf3 e6 3. d4 cxd4 4. Nxd4 Nf6 5. Nc3 d6 6. Be2 Be7 7. O-O O-O 8. Be3
a6 9. f4 Qc7 10. Kh1 Nc6 11. Qe1 d5 12. e5 Ne4 13. Nxe4 dxe4 14. c3 b6 15. Qf2
Rb8 16. Rae1 Bb7 17. f5 Nxe5 18. Qg3 Bd6 19. Bf4 Rbd8 20. fxe6 Ng6 21. Bxd6 Qxd6
22. exf7+ Kh8 23. Bc4 Ne5 24. Ne6 Ng6 25. Qxd6 Rxd6 26. Nxf8 Nxf8 27. Rd1 Rxd1
28. Rxd1 g6 29. Rd8 Kg7 30. Rb8 b5 31. Bb3 Bc6 32. Rb6 e3 33. Kg1 e2 34. Kf2
Bxg2 35. Kxe2 Bh3 36. Rxa6 Bd7 37. Rd6 g5 38. Bd5 h5 39. b3 Bg4+ 40. Kf2 Nd7 41.
c4 bxc4 42. bxc4 Kf8 43. a4 Ke7 44. Rg6 Ne5 45. Rxg5 Nxf7 46. Bxf7 Kxf7 47. a5 1-0

[Event "World Rapid Women 2019"]
[Site "Moscow RUS"]
[Date "2019.12.26"]
[Round "1.50"]
[White "Nilssen, Ellen Fredericia"]
[Black "Guseva, Marina"]
[Result "0-1"]
[WhiteTitle "WFM"]
[BlackTitle "IM"]
[WhiteElo "2000"]
[BlackElo "2373"]
[WhiteFideId "1441230"]
[BlackFideId "4149351"]
[EventDate "2019.12.26"]
[EventType "rapid"]

1. d4 Nf6 2. c4 e6 3. Nf3 b6 4. a3 Bb7 5. Nc3 Ne4 6. e3 Nxc3 7. bxc3 g6 8. Rb1
Bg7 9. Bd3 Nc6 10. c5 d6 11. cxd6 cxd6 12. O-O O-O 13. Bd2 e5 14. d5 Nb8 15. e4
Nd7 16. Be3 Rc8 17. Qd2 Nc5 18. Rfc1 Qd7 19. Bb5 Qg4 20. h3 Qxe4 21. c4 Rc7 22.
Rd1 Qf5 23. Rb4 Qc8 24. Ba4 Na6 25. Rbb1 Rxc4 26. Bb5 Rc7 27. Ng5 Nc5 28. Qe2
Rd8 29. Qc4 a6 30. Qh4 h6 0-1

[Event "World Rapid Women 2019"]
[Site "Moscow RUS"]
[Date "2019.12.26"]
[Round "1.52"]
[White "Antova, Gabriela"]
[Black "Charochkina, Daria"]
[Result "0-1"]
[WhiteTitle "FM"]
[BlackTitle "IM"]
[WhiteElo "2314"]
[BlackElo "2355"]
[WhiteFideId "2915235"]
[BlackFideId "4180917"]
[EventDate "2019.12.26"]
[EventType "rapid"]

1. d4 d5 2. c4 c6 3. Nf3 Nf6 4. Nc3 e6 5. e3 Nbd7 6. Qc2 Bd6 7. g4 dxc4 8. g5
Nd5 9. Bxc4 e5 10. Bd2 exd4 11. Qe4+ Ne7 12. Qxd4 Nf5 13. Qe4+ Ne7 14. Qc2 Nc5
15. O-O-O Bg4 16. Be2 O-O 17. h4 Nd5 18. Ne4 Nxe4 19. Qxe4 Bh5 20. Nd4 Re8 21.
Qc2 Bxe2 22. Nxe2 Qe7 23. Kb1 c5 24. Rhg1 b5 25. h5 Rad8 26. Ba5 Bc7 27. Bxc7
Qxc7 28. g6 h6 29. gxf7+ Qxf7 30. Ng3 Rf8 31. Qxc5 Qxf2 32. Rdf1 Qd2 33. Nf5
Rxf5 34. Rxf5 Qd3+ 35. Ka1 Qxf5 36. Qxa7 Qd7 37. Qc5 Nf6 38. a3 Re8 39. Qc3 Kh8
40. Rg6 Qd1+ 41. Ka2 Qd5+ 42. Ka1 Qxh5 0-1

[Event "World Rapid Women 2019"]
[Site "Moscow RUS"]
[Date "2019.12.26"]
[Round "1.57"]
[White "Mammadzada, Gunay"]
[Black "Yakimova, Mariya"]
[Result "1/2-1/2"]
[WhiteTitle "IM"]
[BlackTitle "WFM"]
[WhiteElo "2455"]
[BlackElo "2288"]
[WhiteFideId "13403729"]
[BlackFideId "34188859"]
[EventDate "2019.12.26"]
[EventType "rapid"]

1. e4 c5 2. Nf3 Nc6 3. d4 cxd4 4. Nxd4 Nf6 5. Nc3 e5 6. Ndb5 d6 7. Bg5 a6 8. Na3
b5 9. Nd5 Be7 10. Bxf6 Bxf6 11. c3 O-O 12. Nc2 Bg5 13. a4 bxa4 14. Rxa4 a5 15.
Bc4 Rb8 16. b3 Kh8 17. Nce3 Bxe3 18. Nxe3 Be6 19. O-O Qc7 20. Ra2 Rfd8 21. Nd5
Qb7 22. Qd3 Ra8 23. Rfa1 Rdb8 24. h3 h6 25. Ra3 Ra7 26. Ne3 Qc7 27. Rd1 Rd8 28.
Nd5 Bxd5 29. Qxd5 Qb6 30. Rda1 Qc5 31. Qxc5 dxc5 32. Bd5 Rd6 33. b4 cxb4 34. Ra4
bxc3 35. Rc4 Nb4 36. Rc8+ Kh7 37. Bb3 Rd3 38. Rc5 c2 1/2-1/2

[Event "World Rapid Women 2019"]
[Site "Moscow RUS"]
[Date "2019.12.26"]
[Round "1.58"]
[White "Antonova, Nadezhda"]
[Black "Buksa, Nataliya"]
[Result "0-1"]
[WhiteTitle "WFM"]
[BlackTitle "IM"]
[WhiteElo "1913"]
[BlackElo "2403"]
[WhiteFideId "14700182"]
[BlackFideId "14123622"]
[EventDate "2019.12.26"]
[EventType "rapid"]

1. Nf3 d5 2. g3 Nf6 3. Bg2 e6 4. O-O Be7 5. d3 O-O 6. Nbd2 Nc6 7. e4 dxe4 8.
dxe4 e5 9. Re1 Be6 10. c3 h6 11. Qe2 Qc8 12. Nc4 Bg4 13. Ne3 Be6 14. Nh4 Re8 15.
Nd5 Bg4 16. Qc2 Bd8 17. b4 a6 18. Be3 Bh3 19. Bxh3 Qxh3 20. f3 Rb8 21. Nf5 Nxd5
22. exd5 Ne7 23. Nxe7+ Bxe7 24. a3 h5 25. c4 h4 26. Qg2 Qf5 27. Rad1 b6 28. Qe2
Red8 29. c5 bxc5 30. Bxc5 Bxc5+ 31. bxc5 hxg3 32. hxg3 Rb3 33. Kg2 Rxa3 34. d6
cxd6 35. cxd6 Rc3 36. Rd2 Rd7 37. Qe4 Qxe4 38. Rxe4 f6 39. f4 Rc6 40. fxe5 fxe5
41. Rxe5 Rcxd6 42. Rxd6 Rxd6 43. Re8+ Kf7 44. Ra8 Ke6 45. Ra7 g6 46. Kf3 Kd5 47.
Kf4 Kc4 48. g4 Rb6 49. g5 Kb4 50. Ke5 a5 51. Rf7 a4 52. Rf4+ Ka5 53. Rf6 a3 54.
Kd4 Rxf6 55. gxf6 a2 0-1

[Event "World Rapid Women 2019"]
[Site "Moscow RUS"]
[Date "2019.12.26"]
[Round "1.59"]
[White "Mamedjarova, Zeinab"]
[Black "Song, Yuxin"]
[Result "0-1"]
[WhiteTitle "WGM"]
[BlackTitle "WIM"]
[WhiteElo "2278"]
[BlackElo "2299"]
[WhiteFideId "13401521"]
[BlackFideId "8614300"]
[EventDate "2019.12.26"]
[EventType "rapid"]

1. d4 Nf6 2. c4 e6 3. Bf4 d5 4. e3 c5 5. dxc5 Bxc5 6. Nc3 Nc6 7. a3 O-O 8. Nf3
dxc4 9. Bxc4 a6 10. O-O b5 11. Bd3 Bb7 12. Qc2 Be7 13. Rfd1 Qb6 14. Ne4 h6 15.
Bd6 Nxe4 16. Bxe4 Rfd8 17. Bh7+ Kf8 18. Bxe7+ Nxe7 19. Ne5 Rac8 20. Qb3 Qc7 21.
f4 g6 22. Rxd8+ Rxd8 23. Bxg6 Nxg6 24. Nxg6+ fxg6 25. Qxe6 Qc6 26. Qxc6 Bxc6 27.
Rc1 Be4 28. Kf1 Rd2 29. g4 Rxh2 30. Rc7 Rg2 31. Rh7 Rxb2 32. Rxh6 Kg7 33. Rh4
Ra2 34. Ke1 Rxa3 35. Kf2 Ra2+ 36. Kg3 b4 37. f5 b3 38. f6+ Kxf6 39. g5+ Ke5 0-1

[Event "World Rapid Women 2019"]
[Site "Moscow RUS"]
[Date "2019.12.26"]
[Round "1.60"]
[White "Ovezdurdiyeva, Jemal"]
[Black "Ovod, Evgenija"]
[Result "0-1"]
[WhiteTitle "WFM"]
[BlackTitle "IM"]
[WhiteElo "2061"]
[BlackElo "2362"]
[WhiteFideId "14001888"]
[BlackFideId "4131827"]
[EventDate "2019.12.26"]
[EventType "rapid"]

1. d4 Nf6 2. c4 c5 3. d5 e5 4. Nc3 d6 5. e4 Be7 6. h3 O-O 7. Nf3 Nbd7 8. Bd3 a6
9. a4 Nh5 10. Ne2 g6 11. g4 Ng7 12. Ng3 Nf6 13. Be3 Bd7 14. Qd2 b5 15. axb5 axb5
16. Rxa8 Qxa8 17. cxb5 Qa4 18. O-O Bxb5 19. Bxb5 Qxb5 20. Ra1 Rb8 21. Ra7 Bd8
22. Ng5 Qb6 23. Ra2 Nfe8 24. Qd1 Nc7 25. Qf3 f6 26. Ne6 Ngxe6 27. dxe6 Nxe6 28.
h4 Qb3 29. Ra6 Nd4 30. Qg2 Qd1+ 31. Nf1 Nf3+ 32. Kh1 Nxh4 33. Qh3 Qd3 34. Ra4
Qc2 35. b3 Qxb3 36. Ra7 g5 37. Nd2 Qd1+ 38. Kh2 c4 39. Qf1 Qxf1 40. Nxf1 c3 41.
Ra1 Kf7 42. Ng3 Ke6 43. Ne2 c2 44. Rc1 Rc8 45. Kg3 Ba5 46. Ra1 Bb4 47. Ra4 Bc5
48. Rc4 Ng6 49. Rxc2 Nf4 50. Nc1 Bxe3 51. Rxc8 Bxc1 52. Kf3 Ba3 53. Rh8 d5 54.
exd5+ Kxd5 55. Rd8+ Bd6 56. Rd7 h5 57. gxh5 Nxh5 58. Kg4 Ke6 59. Ra7 Nf4 60. Ra6
Nd3 61. f3 Nb4 62. Rb6 Nd5 63. Rb3 Be7 64. Ra3 f5+ 65. Kh5 Nf4+ 66. Kh6 g4 67.
Ra6+ Bd6 68. fxg4 fxg4 69. Ra8 g3 70. Re8+ Kf5 71. Rd8 g2 72. Rg8 Bc5 0-1

[Event "World Rapid Women 2019"]
[Site "Moscow RUS"]
[Date "2019.12.26"]
[Round "2.1"]
[White "Socko, Monika"]
[Black "Muzychuk, Anna"]
[Result "1-0"]
[WhiteTitle "GM"]
[BlackTitle "GM"]
[WhiteElo "2407"]
[BlackElo "2537"]
[WhiteFideId "1106619"]
[BlackFideId "14111330"]
[EventDate "2019.12.26"]
[EventType "rapid"]

1. d4 Nf6 2. c4 g6 3. Nf3 Bg7 4. g3 c5 5. d5 O-O 6. Bg2 d6 7. O-O e6 8. dxe6
Bxe6 9. Ng5 Bxc4 10. Bxb7 Nbd7 11. Na3 Rb8 12. Nxc4 Rxb7 13. Nxd6 Rb4 14. Qc2
Qe7 15. Rd1 h6 16. Nf3 Rfb8 17. a3 Rb3 18. Nc4 Ng4 19. Bf4 Rxb2 20. Nxb2 Rxb2
21. Qd3 Nb6 22. Qd8+ Qxd8 23. Rxd8+ Kh7 24. Rc1 Rxe2 25. Rd2 Rxd2 26. Bxd2 Bb2
27. Rxc5 Bxa3 28. Rc7 Kg8 29. h3 Nf6 30. Bxh6 a5 31. Rb7 Nc4 32. Bf4 Ne4 33. Ne5
Ncd6 34. Rb8+ Kg7 35. Nd7 Bb4 36. Be5+ f6 37. Bd4 Nf5 38. Bb2 Be1 39. Rb7 Bxf2+
40. Kg2 Nfxg3 41. Nxf6+ Kh6 42. Ng4+ 1-0

[Event "World Rapid Women 2019"]
[Site "Moscow RUS"]
[Date "2019.12.26"]
[Round "2.2"]
[White "Muzychuk, Mariya"]
[Black "Danielian, Elina"]
[Result "0-1"]
[WhiteTitle "GM"]
[BlackTitle "GM"]
[WhiteElo "2559"]
[BlackElo "2399"]
[WhiteFideId "14114550"]
[BlackFideId "13300210"]
[EventDate "2019.12.26"]
[EventType "rapid"]

1. e4 e6 2. d4 d5 3. Nc3 Nf6 4. Bg5 Be7 5. e5 Nfd7 6. h4 h6 7. Bxe7 Qxe7 8. Qd2
a6 9. Nf3 c5 10. dxc5 Nc6 11. O-O-O Qxc5 12. Re1 b5 13. Bd3 Nb6 14. g4 b4 15.
Ne2 Bb7 16. g5 Nc4 17. Qf4 O-O-O 18. Ng3 Kb8 19. Nh5 g6 20. Nf6 h5 21. Nd2 Ka7
22. Rh3 Nxd2 23. Qxd2 a5 24. Qe3 Qxe3+ 25. Rhxe3 Ba6 26. f4 Bxd3 27. Rxd3 Ne7
28. a3 Rb8 29. Nd7 Rb7 30. Nc5 Rb5 31. axb4 Rxb4 32. Rb3 Rc8 33. Rxb4 axb4 34.
Nd3 Rc4 35. Kd2 Nf5 36. b3 Rd4 37. c3 bxc3+ 38. Kxc3 Re4 39. Ra1+ Kb6 40. Ra8
Nxh4 41. Rb8+ Kc6 42. Rf8 Ng2 43. Rxf7 h4 44. Rf6 Kd7 45. Nc5+ Ke7 46. Nxe4 dxe4
47. Rxg6 e3 48. f5 e2 49. Rxe6+ Kd7 50. Rd6+ Kc7 0-1

[Event "World Rapid Women 2019"]
[Site "Moscow RUS"]
[Date "2019.12.26"]
[Round "2.3"]
[White "Assaubayeva, Bibisara"]
[Black "Lei, Tingjie"]
[Result "0-1"]
[WhiteTitle "FM"]
[BlackTitle "GM"]
[WhiteElo "2375"]
[BlackElo "2483"]
[WhiteFideId "13708694"]
[BlackFideId "8605114"]
[EventDate "2019.12.26"]
[EventType "rapid"]

1. d4 Nf6 2. c4 e6 3. Nf3 d5 4. Nc3 c5 5. cxd5 Nxd5 6. e4 Nxc3 7. bxc3 cxd4 8.
cxd4 Bb4+ 9. Bd2 Bxd2+ 10. Qxd2 O-O 11. Bc4 Nd7 12. O-O b6 13. Rfe1 Bb7 14. h3
Rc8 15. Bb3 Nf6 16. Qd3 h6 17. Rad1 Re8 18. Re3 a6 19. Qe2 Qc7 20. d5 exd5 21.
exd5 Qd6 22. Ne5 b5 23. Ng4 Rxe3 24. Nxe3 g6 25. Qb2 Re8 26. a4 Bc8 27. axb5
axb5 28. Ra1 Bd7 29. Qd4 Rc8 30. h4 h5 31. g3 Kg7 32. Kg2 Qc5 33. Qf4 Qc3 34.
Ra6 Re8 35. Bd1 Qe5 36. Qxe5 Rxe5 37. Ra7 Re4 38. Rb7 Rd4 39. Bf3 Kf8 40. Nc2
Rd2 41. Nb4 Ke7 42. Nc6+ Kd6 43. Rxb5 Ng4 44. Bxg4 hxg4 45. Kf1 Bf5 46. Ke1 Ra2
47. Ra5 Rb2 48. Nd4 Bd3 49. Ra3 Bc4 50. Rc3 Kxd5 51. Nc2 Bb5 52. Rc8 Ke4 53. Rc3
Bd3 54. Ne3 f5 55. Nd1 Re2+ 56. Kf1 Ra2+ 57. Ke1 Kd4 58. Rxd3+ Kxd3 59. Kf1 Ra1
60. Ke1 Kc2 0-1

[Event "World Rapid Women 2019"]
[Site "Moscow RUS"]
[Date "2019.12.26"]
[Round "2.4"]
[White "Tan, Zhongyi"]
[Black "Voit, Daria"]
[Result "1/2-1/2"]
[WhiteTitle "GM"]
[BlackTitle "WGM"]
[WhiteElo "2502"]
[BlackElo "2336"]
[WhiteFideId "8603642"]
[BlackFideId "4182146"]
[EventDate "2019.12.26"]
[EventType "rapid"]

1. c4 e5 2. Nc3 Nf6 3. Nf3 Nc6 4. e3 Bb4 5. Qc2 O-O 6. Nd5 a5 7. Ng5 g6 8. h4 h6
9. Nxf6+ Qxf6 10. Ne4 Qe6 11. c5 d5 12. cxd6 Bxd6 13. Bc4 Qe7 14. h5 Nb4 15. Qb1
Be6 16. Bxe6 Qxe6 17. a3 Nd5 18. hxg6 Qxg6 19. Ng3 f5 20. e4 fxe4 21. Qxe4 Qxe4+
22. Nxe4 Kg7 23. g3 Nf6 24. d3 Rh8 25. Be3 Rad8 26. Ke2 Nxe4 27. dxe4 b6 28. Rh5
Be7 29. Rah1 Rd6 30. g4 Rc6 31. g5 Rc2+ 32. Kf1 Rxb2 33. gxh6+ Kh7 34. R1h3 Rb1+
35. Kg2 Rg8+ 36. Rg3 Rxg3+ 37. Kxg3 Bxa3 38. Rf5 Bc1 39. Rf7+ Kh8 40. Rxc7 Bxe3
41. fxe3 a4 42. Kg4 a3 43. Ra7 Rb3 44. Kf5 Rxe3 45. Kxe5 b5 46. Kf5 b4 47. e5
Re2 48. Kg6 Rg2+ 49. Kh5 a2 50. Ra8+ Kh7 51. Ra7+ Kg8 52. e6 b3 53. h7+ Kh8 54.
Kh6 Rh2+ 55. Kg6 Rg2+ 56. Kh6 Rh2+ 57. Kg6 Rg2+ 1/2-1/2

[Event "World Rapid Women 2019"]
[Site "Moscow RUS"]
[Date "2019.12.26"]
[Round "2.6"]
[White "Kulon, Klaudia"]
[Black "Dzagnidze, Nana"]
[Result "0-1"]
[WhiteTitle "IM"]
[BlackTitle "GM"]
[WhiteElo "2345"]
[BlackElo "2520"]
[WhiteFideId "1131044"]
[BlackFideId "13601903"]
[EventDate "2019.12.26"]
[EventType "rapid"]

1. c4 c5 2. g3 Nc6 3. Bg2 g6 4. Nc3 Bg7 5. e3 d6 6. Nge2 Nf6 7. a3 O-O 8. O-O
Bd7 9. h3 a6 10. d4 Rb8 11. a4 Nb4 12. b3 Bc6 13. e4 cxd4 14. Nxd4 Nd7 15. Be3
Nc5 16. Rb1 f5 17. Nd5 Bxd5 18. exd5 a5 19. Qd2 Qd7 20. Rfe1 Nbd3 21. Red1 f4
22. gxf4 Bxd4 23. Bxd4 Nxf4 24. Qe3 b6 25. Kh2 Rf7 26. Bf1 Rbf8 27. Rd2 Nh5 28.
Bg2 Qf5 29. Re1 Qf4+ 30. Qxf4 Nxf4 31. Re3 g5 32. Rg3 h6 33. Bf3 Nxb3 34. Rd1
Nxd4 35. Rxd4 Ng6 36. Bg4 Rxf2+ 37. Rg2 Ne5 38. Be6+ Kg7 39. Rd1 Rxg2+ 40. Kxg2
Rf4 41. Rb1 Nxc4 42. Kg3 Kf6 43. Bd7 h5 44. Bc6 h4+ 45. Kg2 Ne3+ 46. Kg1 Ke5 47.
Rxb6 Rf1+ 48. Kh2 Rf2+ 49. Kg1 Rg2+ 50. Kh1 Rd2 51. Rb7 Kf4 52. Rxe7 Nf5 53. Re8
Kf3 54. Rf8 Kg3 0-1

[Event "World Rapid Women 2019"]
[Site "Moscow RUS"]
[Date "2019.12.26"]
[Round "2.7"]
[White "Stefanova, Antoaneta"]
[Black "Maltsevskaya, Aleksandra"]
[Result "1/2-1/2"]
[WhiteTitle "GM"]
[BlackTitle "WGM"]
[WhiteElo "2476"]
[BlackElo "2318"]
[WhiteFideId "2902257"]
[BlackFideId "24174041"]
[EventDate "2019.12.26"]
[EventType "rapid"]

1. d4 Nf6 2. Nf3 g6 3. g3 Bg7 4. Bg2 O-O 5. O-O d6 6. Nc3 Nbd7 7. e4 e5 8. h3
exd4 9. Nxd4 Re8 10. Re1 Nc5 11. Bf4 Nh5 12. Be3 Nf6 13. f3 Bd7 14. Qd2 Qc8 15.
g4 h5 16. Bh6 Bh8 17. Nd5 hxg4 18. hxg4 Ne6 19. Ne2 Bc6 20. c3 Qd7 21. Ng3 a5
22. Rad1 Bxd5 23. exd5 Nc5 24. Be3 b6 25. Bd4 Rxe1+ 26. Rxe1 Re8 27. Rxe8+ Qxe8
28. g5 Nfd7 29. Bxh8 Kxh8 30. f4 f6 31. b4 Nb7 32. Qd4 Kg8 33. gxf6 Qe1+ 34. Kh2
Nd8 35. Bh3 Nf8 36. f5 Nf7 37. fxg6 Nxg6 38. Qg4 Qf2+ 39. Bg2 Ne5 40. Qe6+ Kh7
41. Qh3+ Kg8 42. Qe6+ Kh7 43. Qh3+ Kg8 1/2-1/2

[Event "World Rapid Women 2019"]
[Site "Moscow RUS"]
[Date "2019.12.26"]
[Round "2.8"]
[White "Guseva, Marina"]
[Black "Saduakassova, Dinara"]
[Result "0-1"]
[WhiteTitle "IM"]
[BlackTitle "IM"]
[WhiteElo "2373"]
[BlackElo "2505"]
[WhiteFideId "4149351"]
[BlackFideId "13700090"]
[EventDate "2019.12.26"]
[EventType "rapid"]

1. d4 Nf6 2. c4 e6 3. Nc3 Bb4 4. f3 d5 5. a3 Bxc3+ 6. bxc3 c5 7. cxd5 Nxd5 8.
dxc5 f5 9. c4 Qf6 10. Bg5 Qxg5 11. cxd5 Qe3 12. Qd2 Qxd2+ 13. Kxd2 exd5 14. e3
Ke7 15. Ne2 Be6 16. Nd4 Nd7 17. Rc1 Rhc8 18. c6 bxc6 19. Ba6 Ne5 20. Bxc8 Rxc8
21. Rb1 Rc7 22. Nc2 Kd6 23. Rb8 Bc8 24. Rhb1 Nc4+ 25. Kc3 Nb6 26. Nd4 g6 27. h4
h5 28. Rb3 Nd7 29. R8b4 Nc5 30. Rb1 Nd7 31. Kd2 Nb6 32. R4b3 Nc4+ 33. Kc1 Re7
34. Nc2 f4 35. Rb8 Bf5 36. e4 dxe4 37. R1b4 exf3 38. gxf3 Kc5 39. Rd8 Re2 40.
Rxc4+ Kxc4 41. Nd4 Re3 42. Nxc6 Rxa3 43. Kd2 Ra2+ 44. Ke1 a5 0-1

[Event "World Rapid Women 2019"]
[Site "Moscow RUS"]
[Date "2019.12.26"]
[Round "2.9"]
[White "Ushenina, Anna"]
[Black "Dordzhieva, Dinara"]
[Result "0-1"]
[WhiteTitle "GM"]
[BlackTitle "WIM"]
[WhiteElo "2416"]
[BlackElo "2314"]
[WhiteFideId "14110911"]
[BlackFideId "24157570"]
[EventDate "2019.12.26"]
[EventType "rapid"]

1. d4 Nf6 2. Nf3 d5 3. c4 e6 4. g3 dxc4 5. Bg2 a6 6. O-O Nc6 7. e3 Rb8 8. Qe2 b5
9. b3 cxb3 10. axb3 Bb7 11. Bb2 Nb4 12. Rc1 Be7 13. Nbd2 O-O 14. Ne5 Bxg2 15.
Kxg2 Qd5+ 16. f3 Rbc8 17. Nd3 Nxd3 18. Qxd3 c5 19. Rxa6 cxd4 20. Rxc8 Rxc8 21.
exd4 Bb4 22. Ne4 Nxe4 23. fxe4 Qb7 24. Ra1 f5 25. d5 fxe4 26. Qd4 Rc2+ 27. Kh1
Qf7 28. Qxe4 Rxb2 29. dxe6 Qf2 30. Ra8+ Bf8 31. Rxf8+ Qxf8 0-1

[Event "World Rapid Women 2019"]
[Site "Moscow RUS"]
[Date "2019.12.26"]
[Round "2.11"]
[White "Gunina, Valentina"]
[Black "Pourkashiyan, Atousa"]
[Result "1/2-1/2"]
[WhiteTitle "GM"]
[BlackTitle "WGM"]
[WhiteElo "2492"]
[BlackElo "2305"]
[WhiteFideId "4167570"]
[BlackFideId "12502014"]
[EventDate "2019.12.26"]
[EventType "rapid"]

1. e4 e5 2. Nf3 Nf6 3. Nxe5 d6 4. Nf3 Nxe4 5. Bd3 d5 6. O-O Be7 7. Re1 Nf6 8. c3
O-O 9. Bc2 Bg4 10. d4 Nbd7 11. Bf4 Re8 12. Qd3 Bxf3 13. Qxf3 Bd6 14. Rxe8+ Qxe8
15. Nd2 Bxf4 16. Qxf4 Qe2 17. Rf1 Nh5 18. Qf5 Ndf6 19. Rd1 Re8 20. g3 g6 21. Qf3
Qxf3 22. Nxf3 Re2 23. Rd2 Rxd2 24. Nxd2 Nd7 25. f3 Kf8 26. Kf2 Ke7 27. Nb3 b6
28. Nc1 Ng7 29. Ba4 c5 30. Ne2 Ne6 31. Ke3 Kd6 32. Nf4 Nxf4 33. Kxf4 Nf6 34. Kg5
Ng8 35. Be8 f6+ 36. Kf4 Ne7 37. g4 g5+ 38. Ke3 h6 39. f4 a6 40. Bf7 c4 41. Be8
b5 42. f5 Nc6 43. Kd2 Ne7 44. a4 Nc6 45. axb5 axb5 46. Kc2 b4 47. Bxc6 b3+ 48.
Kd2 1/2-1/2

[Event "World Rapid Women 2019"]
[Site "Moscow RUS"]
[Date "2019.12.26"]
[Round "2.12"]
[White "Harika, Dronavalli"]
[Black "Mamedjarova, Turkan"]
[Result "1/2-1/2"]
[WhiteTitle "GM"]
[BlackTitle "WGM"]
[WhiteElo "2518"]
[BlackElo "2310"]
[WhiteFideId "5015197"]
[BlackFideId "13402005"]
[EventDate "2019.12.26"]
[EventType "rapid"]

1. d4 Nf6 2. Nf3 d5 3. c4 e6 4. Nc3 c6 5. e3 Nbd7 6. Qc2 Bd6 7. b3 O-O 8. Be2
Qe7 9. O-O dxc4 10. bxc4 e5 11. a4 Re8 12. Rb1 e4 13. Nd2 Nf8 14. f3 exf3 15.
Nxf3 c5 16. Bd3 b6 17. Bd2 Bb7 18. d5 Ng4 19. e4 Ne5 20. Nb5 Bb8 21. Nxe5 Bxe5
22. Bf4 Bxf4 23. Rxf4 Ng6 24. Rf2 Ne5 25. Be2 Rad8 26. Rbf1 a6 27. Nc3 Rd6 28.
Qc1 Bc8 29. Qf4 Rh6 30. h3 Rg6 31. Kh2 Qd6 32. Kh1 Rf6 33. Qe3 Rh6 34. Qf4 Rf6
35. Qe3 Rh6 36. Rf4 Bd7 37. Kg1 Rg6 38. Bh5 Nxc4 39. Qe2 Ne5 40. Bxg6 Qxg6 41.
Kh1 Qg3 42. Qd2 h6 43. d6 Bxh3 44. gxh3 Qxh3+ 45. Kg1 Qg3+ 46. Kh1 Qh3+ 47. Kg1
Qg3+ 48. Kh1 Qh3+ 1/2-1/2